[Event "Stuttgarter Stadtmeisterschaft A-Turnie"]
[Site "Ditzingen"]
[Date "2009.05.22"]
[Round "4.59"]
[White "Adler, Alexander"]
[Black "Schnepel, Thomas"]
[Result "0-1"]
[WhiteElo "1765"]
[BlackElo "1982"]
[PlyCount "148"]
[EventDate "2009.??.??"]

1. d4 d5 2. c4 Nc6 3. Bf4 Bf5 4. Nc3 e6 5. Nf3 Bb4 6. cxd5 exd5 7. a3 Ba5 8. b4
Bb6 9. e3 Nf6 10. Be2 h6 11. O-O O-O 12. Qb3 Ne7 13. a4 c6 14. Rfc1 Ng6 15. Bg3
Nh5 16. a5 Nxg3 17. hxg3 Bc7 18. b5 Bxa5 19. bxc6 bxc6 20. Qa4 Bxc3 21. Rxc3
Bd7 22. Qa3 a5 23. Rc5 a4 24. Qb4 Qc7 25. Rxa4 Rab8 26. Qd2 Rb1+ 27. Kh2 Rfb8
28. Ra2 Bg4 29. Rac2 Ne7 30. Ne5 Bxe2 31. Qxe2 R8b6 32. Qh5 Rf1 33. Qxf7+ Kh7
34. Rc1 Rxc1 35. Rxc1 Qd6 36. Qe8 Rb8 37. Qd7 Qf6 38. Kg1 Rf8 39. Rf1 Nf5 40.
Nf3 Rf7 41. Qe8 g5 42. Qe5 Qg6 43. g4 Nd6 44. Ra1 Nc4 45. Qg3 Qf6 46. Ra8 Nd6
47. Qe5 Kg7 48. Qxf6+ Kxf6 49. Ra6 Rc7 50. Ne5 Ne4 51. Rxc6+ Rxc6 52. Nxc6 Ke6
53. Ne5 Nf6 54. f3 Ne8 55. Kf2 Nd6 56. Ke2 Ne8 57. Kd3 Nf6 58. Kc3 h5 59. gxh5
Nxh5 60. g4 Nf6 61. Kb4 Ne8 62. Kc5 Nd6 63. Kc6 Nc4 64. e4 Nxe5+ 65. Kc5 dxe4
66. d5+ Kd7 67. fxe4 Nxg4 68. Kd4 Kd6 69. e5+ Nxe5 70. Ke4 g4 71. Kd4 Nf3+ 72.
Ke4 Ne5 73. Kd4 Nd7 74. Ke4 Nf6+ 0-1

[Event "Stuttgarter Stadtmeisterschaft A-Turnie"]
[Site "Ditzingen"]
[Date "2009.05.22"]
[Round "4.60"]
[White "Osswald, Michael"]
[Black "Bergner, Philipp"]
[Result "0-1"]
[WhiteElo "1972"]
[BlackElo "1833"]
[PlyCount "52"]
[EventDate "2009.??.??"]

1. e4 c5 2. Nf3 d6 3. d4 cxd4 4. Nxd4 Nf6 5. Nc3 a6 6. f4 e5 7. Nf3 Nbd7 8. Bd3
Be7 9. O-O Nc5 10. fxe5 dxe5 11. Nxe5 Qd4+ 12. Kh1 Qxe5 13. Bf4 Qe6 14. Nd5
Nxd5 15. exd5 Qb6 16. Qe2 Nxd3 17. cxd3 Kf8 18. Rae1 Qd8 19. Qf3 Bf6 20. Re2
Bf5 21. Rfe1 Qd7 22. Qe3 h6 23. d6 Rc8 24. Rc1 Rxc1+ 25. Qxc1 Kg8 26. Qc7 Kh7
0-1

[Event "Stuttgarter Stadtmeisterschaft A-Turnie"]
[Site "Ditzingen"]
[Date "2009.05.22"]
[Round "4.61"]
[White "Grünert, Thomas"]
[Black "Zieher, Andre"]
[Result "1/2-1/2"]
[WhiteElo "1970"]
[BlackElo "1929"]
[PlyCount "109"]
[EventDate "2009.??.??"]

1. d4 f5 2. Nf3 Nf6 3. c4 e6 4. Nc3 b6 5. g3 Bb7 6. Bg2 Bb4 7. O-O Bxc3 8. bxc3
O-O 9. a4 Qe8 10. a5 d6 11. c5 bxc5 12. Qb3 Bc6 13. dxc5 d5 14. Ne5 Na6 15. Ba3
Rb8 16. Qa2 Rb5 17. c4 Rxa5 18. Qd2 Ra4 19. Nxc6 Qxc6 20. cxd5 exd5 21. Rfd1
Rd8 22. Qg5 Qe6 23. c6 Rg4 24. Qd2 Nb8 25. Bb2 Nxc6 26. Bxf6 Qxf6 27. Ra6 Rd4
28. Qc2 Nb4 29. Rxf6 Nxc2 30. Rxd4 Nxd4 31. e3 Nb3 32. Ra6 c5 33. Kf1 d4 34.
exd4 cxd4 35. Ke1 Kf8 36. Rxa7 Nc5 37. Kd2 Ne4+ 38. Bxe4 fxe4 39. Ra2 Rd7 40.
Ke2 Kf7 41. Kd2 Ke6 42. Ke2 Kf5 43. f3 d3+ 44. Ke3 exf3 45. Ra5+ Kf6 46. Kd2 g5
47. g4 Kg6 48. Rf5 Rd4 49. Rxf3 Rxg4 50. Kxd3 Rg2 51. h3 h5 52. Ke4 h4 53. Ke3
Ra2 54. Ke4 Ra4+ 55. Ke5 1/2-1/2

[Event "Stuttgarter Stadtmeisterschaft A-Turnie"]
[Site "Ditzingen"]
[Date "2009.05.22"]
[Round "4.62"]
[White "Schäfer, Michael"]
[Black "Paschmann, Stefan"]
[Result "1/2-1/2"]
[WhiteElo "1920"]
[BlackElo "1961"]
[PlyCount "68"]
[EventDate "2009.??.??"]

1. e4 d5 2. exd5 Qxd5 3. c4 Qa5 4. Nc3 c6 5. d4 Nf6 6. Bd3 Bg4 7. Nge2 e6 8.
O-O Be7 9. Qb3 Qb6 10. Qc2 Nbd7 11. Bg5 Bh5 12. a3 Bg6 13. b4 Bxd3 14. Qxd3 h6
15. Bh4 Rd8 16. c5 Qc7 17. Bg3 Qc8 18. Qf3 O-O 19. Rfe1 Ne8 20. Rad1 Ndf6 21.
Be5 Nc7 22. Nf4 Ncd5 23. Ncxd5 exd5 24. Bxf6 Bxf6 25. Nh5 Bg5 26. g3 Rde8 27.
h4 Bd8 28. Kg2 Qd7 29. Qf4 Rxe1 30. Rxe1 a6 31. f3 Re8 32. Qd6 Qxd6 33. Rxe8+
Qf8 34. Rxf8+ Kxf8 1/2-1/2

[Event "Stuttgarter Stadtmeisterschaft A-Turnie"]
[Site "Ditzingen"]
[Date "2009.05.22"]
[Round "4.63"]
[White "von Schwerin, Clemens"]
[Black "Hoffmann, Ekkehard"]
[Result "1-0"]
[WhiteElo "1886"]
[BlackElo "1947"]
[PlyCount "61"]
[EventDate "2009.??.??"]

1. d4 g6 2. Nf3 Bg7 3. c4 d6 4. Nc3 Nc6 5. Bg5 h6 6. Bh4 g5 7. d5 gxh4 8. dxc6
bxc6 9. Nxh4 e5 10. g3 Ne7 11. Bg2 Be6 12. b3 O-O 13. e4 Qd7 14. O-O Rad8 15.
Rc1 c5 16. Nd5 Nc6 17. f4 Bg4 18. Qd2 Nd4 19. f5 Ne2+ 20. Kh1 Nxc1 21. f6 Ne2
22. Ne7+ Kh7 23. fxg7 Qxe7 24. Nf5 Bxf5 25. exf5 Nf4 26. gxf8=N+ Rxf8 27. gxf4
Rg8 28. fxe5 Qxe5 29. f6 Rg6 30. Qf4 Qb2 31. Be4 1-0

[Event "Stuttgarter Stadtmeisterschaft A-Turnie"]
[Site "Ditzingen"]
[Date "2009.05.22"]
[Round "4.64"]
[White "Meinecke, Klaus-Hinrich"]
[Black "Podbicanin, Abaz"]
[Result "1/2-1/2"]
[WhiteElo "1853"]
[BlackElo "1941"]
[PlyCount "99"]
[EventDate "2009.??.??"]

1. e4 g6 2. d4 e6 3. Be3 Bg7 4. Nf3 Ne7 5. c3 O-O 6. Qd2 d5 7. e5 Nf5 8. Bf4 f6
9. exf6 Bxf6 10. Bd3 Nd6 11. Qe2 Qe7 12. Nbd2 Qf7 13. O-O-O Nc4 14. Bh6 Nxd2
15. Rxd2 Bg7 16. Bxg7 Kxg7 17. h4 Nc6 18. Ng5 Qf6 19. Nxh7 Kxh7 20. h5 Kg7 21.
hxg6 Rh8 22. Rxh8 Kxh8 23. Qd1 Qg7 24. Qh5+ Kg8 25. f4 Ne7 26. g4 Bd7 27. Rh2
Rf8 28. Qh7+ Qxh7 29. Rxh7 Re8 30. Kd2 a6 31. Ke3 Bb5 32. Bc2 a5 33. Kf3 Bd7
34. Kg3 b6 35. Kh4 Nc6 36. Rxd7 Re7 37. Rxe7 Nxe7 38. Kg5 Kg7 39. f5 exf5 40.
gxf5 Ng8 41. Ba4 c5 42. Bc6 Nf6 43. b3 Ne4+ 44. Kf4 Nxc3 45. Ke5 cxd4 46. Kxd4
Nxa2 47. Kxd5 Nb4+ 48. Kd6 Kf6 49. Bb5 Nc2 50. Bc6 1/2-1/2

[Event "Stuttgarter Stadtmeisterschaft A-Turnie"]
[Site "Ditzingen"]
[Date "2009.05.23"]
[Round "5.1"]
[White "Luther, Thomas"]
[Black "Ovsejevitsch, Sergei"]
[Result "1/2-1/2"]
[WhiteElo "2537"]
[BlackElo "2580"]
[PlyCount "82"]
[EventDate "2009.??.??"]

1. e4 e5 2. Nf3 Nc6 3. Bc4 Bc5 4. O-O Nf6 5. d4 Bxd4 6. Nxd4 Nxd4 7. f4 d6 8.
fxe5 dxe5 9. Bg5 Be6 10. Na3 Qe7 11. c3 Bxc4 12. Bxf6 gxf6 13. Nxc4 Qc5 14.
cxd4 Qxc4 15. Rc1 Qxd4+ 16. Qxd4 exd4 17. Rxc7 O-O 18. Rxf6 Rae8 19. Rf4 b6 20.
Rxa7 Rc8 21. h3 Rc2 22. Rf2 Rxf2 23. Kxf2 Rc8 24. b3 Rc2+ 25. Kf3 Rc3+ 26. Kf4
Rc2 27. g4 Rf2+ 28. Ke5 d3 29. Rd7 d2 30. Rd3 Kg7 31. Kd4 Rh2 32. b4 Kf6 33. a4
Ke6 34. Kc3 Rxh3 35. Kxd2 Rh4 36. Rg3 Ke5 37. Kd3 h5 38. gxh5 f5 39. h6 fxe4+
40. Ke3 Rxh6 41. Rg5+ Kd6 1/2-1/2

[Event "Stuttgarter Stadtmeisterschaft A-Turnie"]
[Site "Ditzingen"]
[Date "2009.05.23"]
[Round "5.2"]
[White "Weber, Tom"]
[Black "Gschnitzer, Oswald"]
[Result "1/2-1/2"]
[WhiteElo "2315"]
[BlackElo "2429"]
[PlyCount "126"]
[EventDate "2009.??.??"]

1. e4 c5 2. Nc3 Nc6 3. f4 e6 4. Nf3 d5 5. Bb5 Nge7 6. Qe2 d4 7. Nd1 g6 8. Nf2
Bg7 9. e5 O-O 10. c3 f6 11. exf6 Rxf6 12. g3 a6 13. Bd3 Rf8 14. O-O b5 15. Be4
Rb8 16. c4 bxc4 17. Qxc4 Rb5 18. d3 Nd5 19. Ng4 Qd6 20. Re1 Nce7 21. Qc2 Bb7
22. Nfe5 Nb4 23. Qg2 Bxe4 24. Rxe4 Qd5 25. b3 Nf5 26. Qe2 Nd6 27. Bb2 Nxe4 28.
dxe4 Qd6 29. Nc4 Qc6 30. e5 Nd5 31. Nd6 Rbb8 32. Rc1 Qb6 33. Nf2 Ne3 34. Nfe4
Nf5 35. Nc4 Qb5 36. Ba3 Rfc8 37. g4 Ne7 38. Ned6 Qd7 39. Nxc8 Qxc8 40. Nd6 Qf8
41. Rf1 Nd5 42. Bc1 Qe7 43. g5 Nc3 44. Qxa6 Bf8 45. Bd2 Nd5 46. Qc6 Qc7 47.
Qxc7 Nxc7 48. Rc1 Na6 49. Ba5 Be7 50. Kf2 Kf8 51. Kf3 Bxd6 52. exd6 Ke8 53. h4
Kd7 54. h5 gxh5 55. Rh1 Kxd6 56. Rxh5 Rb7 57. Ke4 Rf7 58. Rh6 Nb8 59. Be1 Nc6
60. Bg3 Kd7 61. Rh2 Nb4 62. a3 Nd5 63. b4 cxb4 1/2-1/2

[Event "Stuttgarter Stadtmeisterschaft A-Turnie"]
[Site "Ditzingen"]
[Date "2009.05.23"]
[Round "5.3"]
[White "Eisenbeiser, Amadeus"]
[Black "Schuh, Dirk"]
[Result "1/2-1/2"]
[WhiteElo "2406"]
[BlackElo "2313"]
[PlyCount "95"]
[EventDate "2009.??.??"]

1. c4 e5 2. Nc3 d6 3. Nf3 f5 4. d4 e4 5. Ng5 Be7 6. Nh3 Nf6 7. Nf4 c6 8. h4 Na6
9. g3 Nc7 10. d5 O-O 11. Bg2 Ng4 12. f3 exf3 13. Bxf3 Ne5 14. O-O Bf6 15. Bg2
c5 16. Qb3 Ng4 17. Nd1 Re8 18. Bd2 Rb8 19. a4 b6 20. Re1 Bd7 21. Nf2 Nxf2 22.
Kxf2 a6 23. Nh5 Bd4+ 24. e3 Be5 25. Bc3 b5 26. Bxe5 bxc4 27. Qxb8 Qxb8 28. Bxg7
Re7 29. Bf6 Rf7 30. Bc3 Qf8 31. Bf3 Qh6 32. Nf4 Ne8 33. Nh5 Re7 34. Re2 Kf8 35.
a5 Rf7 36. Rae1 Nc7 37. Bd2 c3 38. Bxc3 Nxd5 39. Bxd5 Qxh5 40. Rd2 Re7 41. Bf6
Re8 42. Bf3 Qf7 43. Rxd6 Re6 44. Rxe6 Qxe6 45. Bc3 Bc6 46. Bxc6 Qxc6 47. Rd1
Ke7 48. Rg1 1/2-1/2

[Event "Stuttgarter Stadtmeisterschaft A-Turnie"]
[Site "Ditzingen"]
[Date "2009.05.23"]
[Round "5.5"]
[White "Strunski, Andreas"]
[Black "Heinl, Thomas"]
[Result "1-0"]
[WhiteElo "2329"]
[BlackElo "2204"]
[PlyCount "151"]
[EventDate "2009.??.??"]

1. d4 g6 2. c4 Bg7 3. e4 d6 4. Nc3 Nf6 5. Be2 O-O 6. Bg5 c5 7. d5 Qb6 8. Qd2 e6
9. Nf3 exd5 10. exd5 Re8 11. O-O Bg4 12. h3 Bxf3 13. Bxf3 Nbd7 14. Rae1 Ne5 15.
Be2 Qb4 16. Nb5 Qxd2 17. Bxd2 Ne4 18. Bc1 Re7 19. f4 a6 20. Nxd6 Nxd6 21. fxe5
Bxe5 22. Bg5 Ree8 23. Bd3 f5 24. g4 Nf7 25. Bc1 fxg4 26. hxg4 Bd4+ 27. Kg2 Ne5
28. Be2 Rf8 29. b3 Rxf1 30. Rxf1 Re8 31. Bd2 Rf8 32. Rxf8+ Kxf8 33. Ba5 Ke7 34.
Kg3 Be3 35. Bc7 Bd4 36. Kf4 Nf7 37. Bd3 Kd7 38. Ba5 Kd6 39. Bd2 Ne5 40. Be2 Nf7
41. Ke4 Bf6 42. Bf4+ Be5 43. Be3 Bf6 44. a3 Ng5+ 45. Kd3 Nf7 46. b4 b6 47. Kc2
Bg5 48. Bf2 Bf4 49. a4 Ng5 50. Kd3 Nh3 51. Be1 Be5 52. Bf3 Ng5 53. Bd1 Nf7 54.
Be2 Bf6 55. Bd2 Bg5 56. Bc3 Bf4 57. Ke4 Be5 58. Bd2 Bf6 59. a5 Bd8 60. Bf4+ Kd7
61. b5 bxa5 62. bxa6 Bb6 63. Bd1 Nd6+ 64. Kd3 Ba7 65. Ba4+ Kc7 66. Bb5 Bb8 67.
Kc3 Kb6 68. Kd3 Bc7 69. Be3 Bb8 70. Ba4 Nf7 71. Bd1 Ne5+ 72. Kc3 Nd7 73. Bc2
Kxa6 74. Ba4 Nb6 75. Bb5+ Kb7 76. Bxc5 1-0

[Event "Stuttgarter Stadtmeisterschaft A-Turnie"]
[Site "Ditzingen"]
[Date "2009.05.23"]
[Round "5.6"]
[White "Kunz, Konstantin"]
[Black "Chetverik, Maxim"]
[Result "0-1"]
[WhiteElo "2263"]
[BlackElo "2323"]
[PlyCount "101"]
[EventDate "2009.??.??"]

1. d4 d5 2. c4 e5 3. dxe5 d4 4. Nf3 Nc6 5. a3 a5 6. Nbd2 Bc5 7. Nb3 Ba7 8. Bg5
Qd7 9. Qd3 a4 10. Nbd2 h6 11. Bh4 Nge7 12. Qc2 Nf5 13. Bg3 Bc5 14. O-O-O Qe7
15. Qd3 O-O 16. Ne4 Be6 17. Bf4 Na5 18. Nfd2 Rfd8 19. Kb1 Nb3 20. Nxb3 axb3 21.
Nxc5 Qxc5 22. Qxb3 g5 23. Bg3 Bxc4 24. Rc1 Bxb3 25. Rxc5 c6 26. h3 Nxg3 27.
fxg3 Rd5 28. Rxd5 cxd5 29. h4 g4 30. h5 Rc8 31. Rh4 Bc2+ 32. Kc1 Bf5+ 33. Kd1
Kf8 34. e3 d3 35. Bxd3 Bxd3 36. Rxg4 Be4 37. Rf4 Rc6 38. Kd2 Rc2+ 39. Kd1 Rxb2
40. e6 f5 41. g4 Ke7 42. gxf5 Kf6 43. g4 Ra2 44. Kc1 Rxa3 45. Kd2 b5 46. Rf1 b4
47. Rc1 Ra2+ 48. Ke1 b3 49. Rc7 b2 50. Rf7+ Ke5 51. e7 0-1

[Event "Stuttgarter Stadtmeisterschaft A-Turnie"]
[Site "Ditzingen"]
[Date "2009.05.23"]
[Round "5.7"]
[White "Dudek, Richard"]
[Black "Svetushkin, Dmitry"]
[Result "0-1"]
[WhiteElo "2254"]
[BlackElo "2615"]
[PlyCount "44"]
[EventDate "2009.??.??"]

1. e4 c6 2. d4 d5 3. exd5 cxd5 4. Bd3 Nc6 5. c3 Qc7 6. Ne2 Bg4 7. f3 Bd7 8. f4
g6 9. O-O Bf5 10. Ng3 Bxd3 11. Qxd3 e6 12. b3 h5 13. Ba3 Bxa3 14. Nxa3 Nf6 15.
f5 gxf5 16. Nxf5 exf5 17. Qxf5 Rh6 18. Nb5 Qb8 19. Qg5 Rg6 20. Qh4 Qd8 21. Qf4
Kf8 22. Nd6 Qc7 0-1

[Event "Stuttgarter Stadtmeisterschaft A-Turnie"]
[Site "Ditzingen"]
[Date "2009.05.23"]
[Round "5.8"]
[White "Krockenberger, Martin"]
[Black "Gutman, Lev"]
[Result "0-1"]
[WhiteElo "2216"]
[BlackElo "2494"]
[PlyCount "90"]
[EventDate "2009.??.??"]

1. Nf3 Nf6 2. c4 g6 3. b4 Bg7 4. Bb2 O-O 5. g3 a5 6. a3 axb4 7. axb4 Rxa1 8.
Bxa1 d5 9. cxd5 Qxd5 10. Bg2 Nc6 11. Nc3 Qc4 12. b5 Na7 13. Qb1 Qc5 14. O-O Bd7
15. d4 Qb6 16. Ne5 Bxb5 17. Qb4 Qd6 18. Qb3 c6 19. Rc1 Ba6 20. e3 Nb5 21. Na4
Qa3 22. Qxa3 Nxa3 23. Bb2 Nb5 24. Nc5 Nc7 25. Ba3 Ra8 26. Nxa6 Rxa6 27. Bxe7
Nfd5 28. Bd8 Ne6 29. Bxd5 Nxd8 30. Bc4 b5 31. Bf1 Bxe5 32. dxe5 Kf8 33. f4 Ke7
34. e4 Ra4 35. Bd3 Rd4 36. Bb1 Rd2 37. h4 c5 38. f5 c4 39. g4 Nc6 40. e6 Ne5
41. exf7 Kxf7 42. Rf1 c3 43. fxg6+ Kxg6 44. h5+ Kg7 45. g5 b4 0-1

[Event "Stuttgarter Stadtmeisterschaft A-Turnie"]
[Site "Ditzingen"]
[Date "2009.05.23"]
[Round "5.9"]
[White "Strohhäker, Raoul"]
[Black "Kabisch, Thilo"]
[Result "1-0"]
[WhiteElo "2449"]
[BlackElo "2297"]
[PlyCount "78"]
[EventDate "2009.??.??"]

1. e4 c5 2. Nf3 Nc6 3. d4 cxd4 4. Nxd4 e5 5. Nb5 d6 6. c4 Be7 7. N1c3 a6 8. Na3
Nf6 9. Nc2 O-O 10. Be2 Be6 11. O-O Rc8 12. b4 Nd7 13. Nd5 Nb6 14. a4 Nd4 15.
Nxd4 exd4 16. Qb3 Bxd5 17. exd5 Qc7 18. Bb2 Nxc4 19. Rfc1 b5 20. axb5 axb5 21.
Bxd4 Bg5 22. Qg3 Qe7 23. Re1 Ra8 24. Bf1 Ne5 25. Rxa8 Rxa8 26. Bxe5 dxe5 27.
Rxe5 Qxb4 28. Rxg5 Qd4 29. Qd3 Qh4 30. Re5 b4 31. Re4 Qg5 32. Rxb4 h5 33. d6 h4
34. d7 Rd8 35. Re4 Kf8 36. Qd6+ Kg8 37. Re8+ Kh7 38. Rxd8 Qxd8 39. Qc6 h3 1-0

[Event "Stuttgarter Stadtmeisterschaft A-Turnie"]
[Site "Ditzingen"]
[Date "2009.05.23"]
[Round "5.10"]
[White "Nabavi, Parwis"]
[Black "Lubbe, Nikolas"]
[Result "0-1"]
[WhiteElo "2126"]
[BlackElo "2369"]
[PlyCount "106"]
[EventDate "2009.??.??"]

1. d4 Nf6 2. c4 c5 3. d5 e6 4. Nc3 exd5 5. cxd5 d6 6. Nf3 g6 7. e4 Bg7 8. Be2
O-O 9. O-O a6 10. a4 Re8 11. Nd2 Nbd7 12. Qc2 h5 13. Nc4 Nb6 14. Bg5 Nxc4 15.
Bxc4 Rb8 16. Rfe1 Qd7 17. a5 Nh7 18. Be3 Qe7 19. f3 Bd7 20. Na4 Bxa4 21. Rxa4
Be5 22. Qd2 Qh4 23. f4 Bg7 24. Bd3 Qe7 25. Rc4 Nf6 26. b4 cxb4 27. Rxb4 Ng4 28.
Bb6 Rbc8 29. Rc4 Rxc4 30. Bxc4 Rc8 31. Qe2 Rxc4 32. Qxc4 Qh4 33. Qc1 Qxh2+ 34.
Kf1 Qh1+ 35. Ke2 Qxg2+ 36. Kd3 Qf3+ 37. Kc4 Bh6 38. Kb4 Bxf4 39. Qc8+ Kh7 40.
Bd4 Ne5 41. Ka4 Qd3 42. Qc3 Qb5+ 43. Ka3 Nc4+ 44. Ka2 Qa4+ 45. Kb1 Na3+ 46. Kb2
Nb5 47. Ra1 Nxc3 48. Rxa4 Nxa4+ 49. Kb3 Nc5+ 50. Bxc5 dxc5 51. Kc4 Bd6 52. e5
Bxe5 53. Kxc5 h4 0-1

[Event "Stuttgarter Stadtmeisterschaft A-Turnie"]
[Site "Ditzingen"]
[Date "2009.05.23"]
[Round "5.11"]
[White "Hirneise, Jens"]
[Black "Aring, Gerd"]
[Result "1-0"]
[WhiteElo "2308"]
[BlackElo "2218"]
[PlyCount "120"]
[EventDate "2009.??.??"]
[WhiteTeam "Sabt SpVgg Rommelshausen"]
[BlackTeam "SV Nürtingen 1920"]

1. e4 c5 2. Nf3 Nc6 3. d4 cxd4 4. Nxd4 Nf6 5. Nc3 e5 6. Ndb5 d6 7. Bg5 a6 8.
Na3 b5 9. Nd5 Be7 10. Bxf6 Bxf6 11. c4 b4 12. Nc2 a5 13. Be2 O-O 14. Qd3 Bg5
15. Rd1 Be6 16. O-O Ra7 17. g3 f5 18. Nde3 fxe4 19. Qxe4 Qc7 20. f4 Be7 21. Bd3
g6 22. f5 gxf5 23. Nxf5 Bf6 24. Nce3 Bxf5 25. Rxf5 Nd4 26. Nd5 Qd8 27. Rxf6
Rxf6 28. Nxf6+ Qxf6 29. Rf1 Qe6 30. Qh4 Rf7 31. Qd8+ Kg7 32. Qg5+ Kf8 33. Qd8+
Kg7 34. Rxf7+ Qxf7 35. Qxd6 Nf3+ 36. Kh1 Qh5 37. Qe7+ Kg8 38. Qe6+ Kg7 39. h3
Nd4 40. Qe7+ Kg8 41. Qd8+ Kg7 42. Qd7+ Kf6 43. Qd8+ Kf7 44. Qd5+ Kf6 45. Qg2
Qd1+ 46. Qf1+ Qxf1+ 47. Bxf1 Ne6 48. Bd3 h6 49. Kg2 Nc5 50. Bc2 Kg5 51. Kf3 h5
52. h4+ Kf6 53. Ke3 Kg7 54. Kf3 Kh6 55. g4 hxg4+ 56. Kxg4 Ne6 57. Bd1 Nc5 58.
Bc2 Ne6 59. b3 Nd4 60. Be4 Ne2 1-0

[Event "Stuttgarter Stadtmeisterschaft A-Turnie"]
[Site "Ditzingen"]
[Date "2009.05.23"]
[Round "5.12"]
[White "Vaysberg, Alexander"]
[Black "Wiley, Tom E"]
[Result "0-1"]
[WhiteElo "2190"]
[BlackElo "2303"]
[PlyCount "84"]
[EventDate "2009.??.??"]
[WhiteTeam "SF Pfullingen"]

1. Nf3 c5 2. c4 Nc6 3. g3 e5 4. Nc3 g6 5. Bg2 Bg7 6. O-O Nge7 7. d3 O-O 8. a3
d6 9. Rb1 a5 10. Ne1 Be6 11. Nd5 Rb8 12. a4 h6 13. Nc2 f5 14. Na3 Nb4 15. Qb3
Bd7 16. Nxb4 axb4 17. Nb5 Bc6 18. e4 f4 19. f3 h5 20. Bd2 Kh7 21. Bh3 Bh6 22.
Qd1 Bd7 23. Bxd7 Qxd7 24. Qe2 fxg3 25. hxg3 Qh3 26. Bxh6 Qxg3+ 27. Qg2 Qxg2+
28. Kxg2 Kxh6 29. Nxd6 b6 30. Nb5 Rb7 31. Rf2 Rd7 32. Rd2 g5 33. Ra1 Ng6 34. a5
Nh4+ 35. Kf1 Nxf3 36. Rf2 bxa5 37. Rxa5 g4 38. Ra6+ Kg5 39. Kg2 Ne1+ 40. Kf1
Rxf2+ 41. Kxf2 Nxd3+ 42. Ke3 Nxb2 0-1

[Event "Stuttgarter Stadtmeisterschaft A-Turnie"]
[Site "Ditzingen"]
[Date "2009.05.23"]
[Round "5.13"]
[White "Wagner, Florian"]
[Black "Imhof, Thomas"]
[Result "0-1"]
[WhiteElo "2302"]
[BlackElo "2120"]
[PlyCount "46"]
[EventDate "2009.??.??"]
[WhiteTeam "SC Noris Tarrasch Nürnberg"]

1. d4 Nf6 2. g3 d5 3. Bg2 e6 4. Nf3 Be7 5. O-O O-O 6. c4 c5 7. cxd5 exd5 8.
dxc5 Bxc5 9. Nc3 Nc6 10. Bg5 Be6 11. Rc1 Be7 12. Nd4 h6 13. Be3 Ne5 14. Bf4 Ng6
15. Be3 Ne5 16. Qc2 Nc4 17. Bf4 Rc8 18. Rfd1 Qb6 19. b3 Nd6 20. Nxe6 fxe6 21.
Qg6 Nf7 22. e4 Nh8 23. Qxg7+ Kxg7 0-1

[Event "Stuttgarter Stadtmeisterschaft A-Turnie"]
[Site "Ditzingen"]
[Date "2009.05.23"]
[Round "5.14"]
[White "Osmanovic, Faruk"]
[Black "Reich, Thomas"]
[Result "1-0"]
[WhiteElo "2081"]
[BlackElo "2393"]
[PlyCount "53"]
[EventDate "2009.??.??"]
[WhiteTeam "SC Blau.Turm Bad Wimpfen"]
[BlackTeam "FC Bayern München e.V."]

1. e4 c5 2. Nf3 g6 3. d4 cxd4 4. Nxd4 Bg7 5. Nc3 Nc6 6. Be3 Nf6 7. Be2 O-O 8.
O-O d6 9. Qd2 Bd7 10. Nxc6 Bxc6 11. Bf3 Re8 12. Bd4 Nd7 13. Bxg7 Kxg7 14. Nd5
Bxd5 15. exd5 Qb6 16. c4 a5 17. Be2 Nf6 18. Rad1 Rac8 19. Kh1 Qb4 20. Qd4 b5
21. g4 h6 22. f4 Kg8 23. g5 hxg5 24. fxg5 Nd7 25. Rf3 bxc4 26. Rh3 Ne5 27. Qh4
1-0

[Event "Stuttgarter Stadtmeisterschaft A-Turnie"]
[Site "Ditzingen"]
[Date "2009.05.23"]
[Round "5.15"]
[White "Braun, Joachim"]
[Black "Holzhäuer, Mathias"]
[Result "1-0"]
[WhiteElo "2114"]
[BlackElo "2335"]
[PlyCount "79"]
[EventDate "2009.??.??"]
[WhiteTeam "SF Birkenfeld"]
[BlackTeam "SK Schmiden/Cannstatt"]

1. e4 d5 2. exd5 Qxd5 3. Nc3 Qd6 4. d4 Nf6 5. Nf3 Bg4 6. Be2 a6 7. O-O Nc6 8.
Be3 e6 9. Qd2 O-O-O 10. Rfd1 h6 11. a3 g5 12. b4 Qe7 13. Qe1 Bg7 14. b5 axb5
15. Rab1 b4 16. axb4 Nxb4 17. Nb5 Nfd5 18. c4 Nxe3 19. fxe3 Nc6 20. Ra1 Bxf3
21. Bxf3 f5 22. Ra8+ Kd7 23. d5 Ne5 24. Rxd8+ Rxd8 25. d6 Nxf3+ 26. gxf3 cxd6
27. Nxd6 Kc6 28. c5 b5 29. Qa5 Rb8 30. Nc8 Qb7 31. Rd6+ Kxc5 32. Qa3+ b4 33.
Qa5+ Kc4 34. Nb6+ Kb3 35. Qa4+ Kc3 36. Qa1+ Kb3 37. Rd3+ Bc3 38. Qd1+ Kb2 39.
Nc4+ Ka2 40. Qa4+ 1-0

[Event "Stuttgarter Stadtmeisterschaft A-Turnie"]
[Site "Ditzingen"]
[Date "2009.05.23"]
[Round "5.16"]
[White "Vuckovic, Aleksandar"]
[Black "Pflaum, Stefan"]
[Result "1-0"]
[WhiteElo "2326"]
[BlackElo "2096"]
[PlyCount "33"]
[EventDate "2009.??.??"]
[WhiteTeam "Stuttgarter SF 1879"]
[BlackTeam "SC Schachmatt Botnang"]

1. e4 e5 2. Nf3 Nc6 3. d4 exd4 4. Nxd4 Nf6 5. Nxc6 bxc6 6. Bd3 d5 7. e5 Ng4 8.
O-O Bc5 9. Qe2 Qh4 10. h3 h5 11. Nd2 Qg3 12. Nf3 Nxf2 13. Rxf2 g5 14. Be3 Bxe3
15. Qxe3 g4 16. Qg5 Be6 17. Nd4 1-0

[Event "Stuttgarter Stadtmeisterschaft A-Turnie"]
[Site "Ditzingen"]
[Date "2009.05.23"]
[Round "5.17"]
[White "Raupp, Thomas"]
[Black "Scheeff, Volker"]
[Result "1-0"]
[WhiteElo "2311"]
[BlackElo "2111"]
[PlyCount "99"]
[EventDate "2009.??.??"]
[WhiteTeam "SC Eppingen"]
[BlackTeam "Sabt SpVgg Rommelshausen"]

1. d4 e6 2. c4 b6 3. e4 Bb7 4. Nc3 Bb4 5. Qc2 f5 6. exf5 Qf6 7. fxe6 dxe6 8.
Be3 Ne7 9. O-O-O Nd7 10. Ne4 Bxe4 11. Qxe4 O-O 12. Nf3 Qf5 13. Bd3 Qxe4 14.
Bxe4 Rae8 15. Bc2 Bd6 16. Rhe1 Nf5 17. Bd2 c6 18. Re2 g6 19. Rde1 Ng7 20. Kb1
a6 21. a3 Bc7 22. Ba4 Nb8 23. Bh6 b5 24. Bb3 Ba5 25. Bd2 Bxd2 26. Rxd2 Nd7 27.
cxb5 axb5 28. Rc2 Nb8 29. Ng5 h6 30. Nxe6 Nxe6 31. Rxe6 Rxe6 32. Bxe6+ Kg7 33.
d5 Kf6 34. dxc6 Kxe6 35. c7 Rc8 36. cxb8=Q Rxb8 37. Rd2 Rc8 38. Ka2 g5 39. h3
Ke5 40. Kb3 Rc4 41. Rc2 Rf4 42. g3 Rd4 43. Rc5+ Ke4 44. Rxb5 Rd3+ 45. Ka2 Rf3
46. Rb6 Rxf2 47. Rxh6 Rg2 48. g4 Rh2 49. a4 Kf4 50. a5 1-0

[Event "Stuttgarter Stadtmeisterschaft A-Turnie"]
[Site "Ditzingen"]
[Date "2009.05.23"]
[Round "5.18"]
[White "Braun, Peter"]
[Black "Huhn, Stefan"]
[Result "1-0"]
[WhiteElo "2254"]
[BlackElo "2090"]
[PlyCount "67"]
[EventDate "2009.??.??"]
[WhiteTeam "SK Frankenthal"]
[BlackTeam "SV Herrenberg e.V."]

1. d4 c5 2. c3 cxd4 3. cxd4 d5 4. Nf3 Nc6 5. Nc3 Nf6 6. Bf4 Bf5 7. e3 e6 8. Bb5
Nd7 9. Qa4 Rc8 10. O-O a6 11. Bxc6 Rxc6 12. Rfc1 Qb6 13. Nd1 Be7 14. Rxc6 Qxc6
15. Qxc6 bxc6 16. Rc1 c5 17. dxc5 Nxc5 18. Nd4 Bg6 19. b4 Nd3 20. Rc8+ Bd8 21.
Ra8 Nxf4 22. exf4 Kd7 23. Ne3 Bd3 24. Nb3 Bc4 25. Nc5+ Kc7 26. Nxc4 dxc4 27.
Kf1 Rf8 28. Ke2 a5 29. b5 Be7 30. b6+ Kc6 31. b7 Bxc5 32. Rxf8 Kxb7 33. Rxf7+
Kc6 34. Rxg7 1-0

[Event "Stuttgarter Stadtmeisterschaft A-Turnie"]
[Site "Ditzingen"]
[Date "2009.05.23"]
[Round "5.19"]
[White "Wettengel, Alexander"]
[Black "Schulte, Torsten"]
[Result "1/2-1/2"]
[WhiteElo "2074"]
[BlackElo "2201"]
[PlyCount "33"]
[EventDate "2009.??.??"]
[WhiteTeam "SK Bebenhausen 1992"]
[BlackTeam "SC Eppingen"]

1. e4 e5 2. Bc4 Nf6 3. d3 Nc6 4. Nf3 h6 5. O-O d6 6. c3 g6 7. d4 Qe7 8. dxe5
dxe5 9. Qe2 Bg7 10. b3 Be6 11. Bb5 Nd7 12. Ba3 Qf6 13. Nbd2 Bf8 14. Bxf8 Kxf8
15. Rfd1 Kg7 16. Nf1 Rhd8 17. Ne3 1/2-1/2

[Event "Stuttgarter Stadtmeisterschaft A-Turnie"]
[Site "Ditzingen"]
[Date "2009.05.23"]
[Round "5.20"]
[White "Bogenschütze, Paul jr"]
[Black "Germer, Philipp"]
[Result "0-1"]
[WhiteElo "2067"]
[BlackElo "2177"]
[PlyCount "48"]
[EventDate "2009.??.??"]
[WhiteTeam "SF Deizisau"]
[BlackTeam "SC Oberwinden 1957 e.V."]

1. d4 d5 2. c4 e6 3. Nc3 c6 4. Nf3 dxc4 5. a4 Bb4 6. e3 b5 7. Bd2 a5 8. axb5
Bxc3 9. Bxc3 cxb5 10. b3 Bb7 11. d5 Nf6 12. dxe6 Qxd1+ 13. Kxd1 Ne4 14. Be1 Nc6
15. bxc4 b4 16. Nd4 fxe6 17. Kc2 Nc5 18. Be2 Ne5 19. Bf3 Bxf3 20. gxf3 O-O 21.
f4 Nxc4 22. Nb3 Na3+ 23. Kb2 Nd3+ 24. Ka2 Nc2 0-1